00568cam a2200181 a 450000100100000000500170001000800410002702000150006804000230008308200190010610000290012524500900015426000500024430000270029460000290032165100170035070000190036700000169220200929145650.0750305s1973 onca 001 0 eng  a0887701981 aDO-SdBNPcDLCdDLC a759.11bK96ó1 aKurelek, William,d1927-10aO Toronto :bpaintings and notes /cWilliam Kurelek ; introducción by James Bacque. aToronto, Ontaria, Canada :bNew Press,c1973. a43 p. :bil. ;c23 cm.10aKurelek, William,d1927- 4aCanadaxArte1 aBacque, James.